000 00971nam a2200217Ia 4500
003 OSt
005 20241025135801.0
007 ca aa aaaaa
008 201103s9999 xx 000 0 und d
040 _cSSBUL
041 _abur
082 _a၂၉၄.၃၄၃၅၁
_bဓမ်
100 _a ‌ဓမ္မာပိယ၊ အရှင်၊ ‌ဒေါက်တာ-
_918193
245 1 0 _aနိဗ္ဗာန်အယူအဆကိုထေရဝါဒရှုထောင့်မှလေ့လာသုံးသပ်ခြင်း /
_cဒေါက်တာ အရှင်ဓမ္မပိယ ၊ဘာသာအပြန်သူ အရှင်ကေလာသ ။
260 _aရန်ကုန် ၊
_bအပ္ပမဒ ၊
_c၂၀၀၅။
300 _aက - ဈ ၊ ၁၇၀ စာမျက်နှာ ၊
_c၂၂ စင်တီ။
650 _aအဘိဓမ္မာ
942 _cBK
_2ddc
942 _2ddc
942 _mဓမ်
_2ddc
999 _c18374
_d18374